Countries That Tried To Get or Have Nuclear Weapons - Statistics

General Stats
  • This quiz has been taken 58 times
  • The average score is 22 of 28
Answer Stats
Nukes Answer % Correct
5,889 Russia
100%
225 United Kingdom
100%
5,224 United States
100%
350 China
98%
290 France
98%
90 Israel
98%
160 India
96%
Tried to Iran
96%
50 North Korea
96%
Tried to Japan
92%
Tried to Brazil
90%
Tried to Germany
90%
Tried to Iraq
90%
170 Pakistan
90%
Tried to Argentina
85%
Used to have 6 South Africa
85%
Tried to South Korea
85%
Tried to Spain
81%
Tried to Saudi Arabia
77%
Tried to Syria
67%
Used to Greece
65%
Tried to Taiwan
63%
Tried to Sweden
58%
Tried to Romania
52%
Tried to Libya
50%
Tried to Switzerland
40%
Tried to Myanmar
38%
Tried to Yugoslavia
25%
No matching quizzes found
Score Distribution
Percent of People with Each Score
Percentile by Number Answered
Your Score History
You have not taken this quiz